Andrew Lloyd Webber Musicals Quiz Stats

 Plays Quiz Updated Jan 14, 2019

Support Sporcle.
Go Orange.
Score 0/12 Timer 03:00
0 Plays Today
Years on Broadway Musical % Correct
1988-The Phantom of the Opera
91%
1982-2000Cats
88%
1971-1973Jesus Christ Superstar
56.9%
1979-1983Evita
48.5%
1982-1983Joseph and the Amazing Technicolor Dreamcoat
40.6%
2015-School of Rock
36.2%
1987-1989Starlight Express
34.4%
1994-1997Sunset Boulevard
22.4%
1990-1991Aspects of Love
16.4%
2005-2006The Woman in White
12.3%
1985-1986Song and Dance
10.6%
2001By Jeeves
7.1%

From the Vault

ABBA or the Bee Gees?

by hjckr

Music 2m
Song quizzes? Mamma Mia, here we go again.
Remove Ads.
Support Sporcle.
Get the best of Sporcle when you Go Orange. This ad-free experience offers more features, more stats, and more fun while also helping to support Sporcle. Thank you for becoming a member.

Show Comments

Extras

Top Quizzes Today


Score Distribution

Your Account Isn't Verified!

In order to create a playlist on Sporcle, you need to verify the email address you used during registration. Go to your Sporcle Settings to finish the process.

Report this User

Report this user for behavior that violates our Community Guidelines.

Details: